ESTRATEGIA PARA AUMENTAR LA PRODUCTIVIDAD AGRICOLA EN ZONAS DE MINIFUNDIO /

Furkejuvvon:
Bibliográfalaš dieđut
Eará dahkkit: Martínez Valdés, Gregorio (edición) (edición)
Materiálatiipa: Girji
Fáttát:
Fáddágilkorat: Lasit fáddágilkoriid
Eai fáddágilkorat, Lasit vuosttaš fáddágilkora!

MARC

LEADER 00000nam^a2200000^a^4500
001 000240554
005 20250521000000.0
009 20260310105139.654
035 |a 064462 
037 |a Acervo Xavier Clavigero 
082 |a 630. 972  |b EST 
245 1 0 |a ESTRATEGIA PARA AUMENTAR LA PRODUCTIVIDAD AGRICOLA EN ZONAS DE MINIFUNDIO /  |c ED. GREGORIO MARTINEZ VALDES 
264 |a MEXICO :  |b CENTRO INTERNACIONAL DE MEJORAMIENTO DE MAIZ Y TRIGO,  |c 1970 
300 |a 114 p. 
336 |a texto  |b txt  |2 rdacontenido 
337 |a sin mediación  |b n  |2 rdamedio 
338 |a volumen  |b nc  |2 rdasoporte 
649 |a XX 
650 |a Agricultura -  |z México 
650 |a Agricultura -  |x Aspectos Económicos 
700 |a Martínez Valdés, Gregorio  |e (edición) 
910 |a Fondo General 
920 |a Impresos - Libros 
930 |a Colección General 
905 |a 101 
901 |a 064462  |b IT1  |c ACC  |i 064462  |u 20250521 
902 |a https://opac.biblio.iteso.mx/vufind/Record/000240554